BI eszközök alkalmazási lehetőségei vállalati környezetben

Bibliographic Details
Main Author: Bahus László
Other Authors: Mészáros György
Format: Thesis
Kulcsszavak:adatelemzés - adatbányászat
riportok
üzleti intelligencia
vállalati elemzés
vizuális modellezés
Online Access:http://dolgozattar.uni-bge.hu/60384

MARC

LEADER 00000nta a2200000 i 4500
001 dolg60384
005 20260409150520.0
008 260409suuuu hu om 000 hun d
040 |a BGE Dolgozattár Repozitórium  |b hun 
041 |a hu 
100 1 |a Bahus László 
245 1 0 |a BI eszközök alkalmazási lehetőségei vállalati környezetben  |c Bahus László  |h [elektronikus dokumentum] 
520 3 |a A szakdolgozat bemutatja a Business Intelligence (BI) eszközök szerepét és alkalmazási lehetőségeit a vállalati környezetben. A dolgozat feltárja, hogy a BI megoldások miként segítik elő a hatékonyabb döntéshozatalt, az adatok értelmezését és a versenyelőny megszerzését. A kutatás során áttekintem a leggyakrabban alkalmazott BI platformokat, Excel Power Pivot-ot, Microsoft Power BI-t és a Tableau-t, megvizsgálom azok előnyeit, valamint bemutatom, hogyan támogathatják a különböző méretű vállalatok működését.A kutatás során arra keresem a választ, hogy a Business Intelligence (BI) eszközök milyen szerepet töltenek be a vállalati döntéshozatalban, és miként járulnak hozzá a hatékonyabb, adatvezérelt működéshez. 
695 |a adatelemzés - adatbányászat 
695 |a riportok 
695 |a üzleti intelligencia 
695 |a vállalati elemzés 
695 |a vizuális modellezés 
700 1 |a Mészáros György  |e ths 
856 4 0 |u http://dolgozattar.uni-bge.hu/60384/1/Bahus_L%C3%A1szl%C3%B3_P5GJ1U_szakdolgozat_2025_11_27.pdf  |z Dokumentum-elérés 
856 4 0 |u http://dolgozattar.uni-bge.hu/60384/2/szakdolgozat_biralat_Bahus_L%C3%A1szl%C3%B3_P5GJ1U.pdf  |z Dokumentum-elérés